MARC

LEADER 00000nam0a2200000 4500
001 193177
005 20231101224451.0
035 |a (RuTPU)RU\TPU\book\210687 
090 |a 193177 
100 |a 20110319d1913 m y0rusy50 ca 
101 0 |a rus 
102 |a RU 
105 |a a z 000zy 
200 1 |a Безмашинное (ледяное) охлаждение  |f М. Т. Зароченцев, Н. С. Комаров  |g Московский Комитет по холодильному делу 
210 |a Москва  |c Б. Лубянка, д. Трындина  |d 1913 
215 |a 90 с.  |c ил. 
610 1 |a охлаждение 
610 1 |a ледяное охлаждение 
610 1 |a безмашинное охлаждение 
610 1 |a применение 
610 1 |a установки 
610 1 |a изоляция 
610 1 |a холодильные трубы 
610 1 |a циркуляция 
610 1 |a обслуживание 
610 1 |a абсорбция 
675 |a 697  |v 3 
700 1 |a Зароченцев  |b М. Т. 
701 1 |a Комаров  |b Н. С. 
712 0 2 |a Московский Комитет по холодильному делу  |2 stltpush  |3 (RuTPU)RU\TPU\col\5042  |9 24047 
801 1 |a RU  |b 63413507  |c 20110319 
801 2 |a RU  |b 63413507  |c 20110415  |g RCR 
942 |c BK